|
|
|
|
| LEADER |
01019nam a2200289 a 4500 |
| 001 |
3324731 |
| 003 |
BD-DhAAL |
| 005 |
20230528112223.0 |
| 008 |
090519s1982 sz b i000 0 eng d |
| 010 |
|
|
|a 84199506
|
| 020 |
|
|
|a 9221030695 (pbk.)
|
| 020 |
|
|
|a 9221030687 (hard)
|
| 040 |
|
|
|a DLC
|c DLC
|d DLC
|d BD-DhAAL
|
| 082 |
0 |
0 |
|a 338.9/27/091724
|2 19
|
| 100 |
1 |
|
|a Singer, H. W.
|q (Hans Wolfgang),
|d 1910-2006.
|9 54387
|
| 245 |
1 |
0 |
|a Technologies for basic needs /
|c Hans Singer.
|
| 250 |
|
|
|a Second edition
|
| 260 |
|
|
|a Geneva :
|b International Labour Office,
|c 1982.
|
| 300 |
|
|
|a x, 161 pages ;
|c 25 cm.
|
| 490 |
1 |
|
|a A WEP study
|
| 504 |
|
|
|a Includes bibliographical references.
|
| 541 |
1 |
|
|e 00004749
|
| 650 |
|
|
|a Technology
|z Developing countries.
|
| 830 |
|
|
|a A WEP study.
|9 54388
|
| 942 |
|
|
|2 ddc
|c BK
|
| 999 |
|
|
|c 966
|d 966
|
| 952 |
|
|
|0 0
|1 0
|2 ddc
|4 0
|6 338_927091724000000_SIN_1982
|7 0
|9 10270
|a BRACUL
|b BRACUL
|c GEN
|d 2010-05-17
|g 0.00
|l 0
|o 338.927091724 SIN
|p 3010004749
|r 2010-05-17
|t 1
|w 2010-05-17
|y BK
|z Not price in Register
|